|
|
|
|
| LEADER |
00000cam a2200000 7i4500 |
| 001 |
0000070485 |
| 005 |
20170219.0 |
| 008 |
170219 |
| 020 |
|
|
|a 9789833969326
|
| 090 |
0 |
0 |
|a NH
|b MAL
|
| 100 |
1 |
|
|a Muhammad Umar
|
| 245 |
1 |
0 |
|a Pengurusan bahan buangan
|c Muhammad Umar
|
| 260 |
|
|
|a Kuala Lumpur :
|b Jurus Prinsip Sdn. Bhd. ,
|c 2008
|
| 300 |
|
|
|a 28pg. :
|b Col.ill
|
| 490 |
1 |
|
|a Siri pendidikan alam sekitar
|
| 650 |
|
0 |
|a Malay fiction
|
| 999 |
|
|
|a 0001055135
|b Book
|c Children Collection
|e Cawangan Taman Universiti
|
| 999 |
|
|
|a 0001055136
|b Book
|c Children Collection
|e Cawangan Segamat
|
| 999 |
|
|
|a 0001055137
|b Book
|c Children Collection
|e Cawangan Bukit Gambir
|